| 000 | 00638nam a2200229Ia 4500 | ||
|---|---|---|---|
| 005 | 20250508165007.0 | ||
| 008 | 008 250505s9999 xx 000 0 eng d | ||
| 020 | _a978-1-4129-7457-8 | ||
| 037 | _aReference | ||
| 040 |
_aFEDL _beng _cFEDL |
||
| 041 |
_aeng _2eng |
||
| 084 |
_a001.42, HES/RR _qFEDL |
||
| 100 | _aHesse-Biber Sharlene Nagy | ||
| 245 | 0 | _aPractice of qualitative research | |
| 250 | _a2 | ||
| 260 |
_aCalifornia, USA _bSage Publications _c2011 |
||
| 300 | _axx,400p | ||
| 365 |
_aUSD _b57.95 |
||
| 700 |
_a Leavy Patricia _9779656 |
||
| 942 |
_cREF _h001.42, HES/RR |
||
| 999 |
_c1392540 _d1392540 |
||